Oceanian Food - Sudden Death - Statistics

General Stats
  • This quiz has been taken 39 times
  • The average score is 4 of 12
Answers on the Grid
Answers color-coded by a green-red scale on the quiz's grid according to % correct below.
New Zealand meat pie
Cottage pie
Lamington
Kangaroo steak
Lox
Mumu
Saksak
Fish amok
Fish suruwa
Kokoda / 'Ota 'ika
Flipper pie
Pie floater
Biryani
Poke
Pavlova
Philippine adobo
Hawaiian pizza
Ragi mudde
Palusami / Lūʻau
Laplap
Galbi-gui
 
Answer Stats
Answer % Correct
New Zealand meat pie
76%
Kangaroo steak
56%
Lamington
48%
Pavlova
48%
Kokoda / 'Ota 'ika
32%
Fish suruwa
28%
Palusami / Lūʻau
28%
Poke
24%
Laplap
20%
Pie floater
20%
Saksak
16%
Mumu
8%
No matching quizzes found
Score Distribution
Percent of People with Each Score
Percentile by Number Answered
Your Score History
You have not taken this quiz